000 00423nam a2200169Ia 4500
003 OSt
005 20240709120821.0
008 170619s9999 xx 000 0 und d
020 _a978-8120339187
040 _cIIMT ENGINEERING COLLEGE
100 _aBodhanwala- Ruzbeh J.
245 0 _aUnderstanding and analyzing balance sheets
260 _bNew Delhi P H I
260 _c2004
546 _aENGLISH
942 _2ddc
_c02
999 _c22108
_d22108